Fragmentos militares de las "memorias de un soldado" del coronel general,alemán... /

Guardado en:
Autor Principal: Guderian, Heinz.
Formato: Libro
Idioma:Spanish
Publicado: Buenos Aires : Círculo militar, 1958.
Etiquetas: Agregar Etiqueta
Sin Etiquetas, Sea el primero en etiquetar este registro!
LEADER 00477nam a22001455a 4500
001 EUN.um052425
003 AR-BaUNS
005 20050623122918.0
008 041125s1958####ag############000#0#spa#d
245 1 0 |a Fragmentos militares de las "memorias de un soldado" del coronel general,alemán... /  |c Heinz Guderian. 
260 |a Buenos Aires :  |b Círculo militar,  |c 1958. 
300 |a 693 p. 
100 1 |a Guderian, Heinz. 
082 0 4 |a 920 
859 |a Ar-BaUNS  |b BIB. CENTRAL - Sector C  |h 920  |i G934  |p 1093/956